Teixeira de Freitas e o direito civil Estudos em homenagem ao bicentenr̀io (1816-2016) /

Detalles Bibliográficos
Autor principal: Weinstok, Uri
Formato: eBook
Lenguaje:portugués
Publicado: Belo Horizonte: Initia Via Editora, 2017
Materias:
Acceso en línea:Acceso restringido

MARC

LEADER 00000nam a22000007a 4500
005 20210426230219.0
007 cr|||| ||||
008 210426s2017 br |||||s|||| 00||0 por d
020 |a 978-85-9547-016-3 
035 |a 33169 
040 |a vLex 
090 |c 11532  |d 11532 
100 1 |a Weinstok, Uri 
245 1 0 |a Teixeira de Freitas e o direito civil  |h [Recurso electrn̤ico] :  |b Estudos em homenagem ao bicentenr̀io (1816-2016) /  |c Uri Weinstok 
256 |a Servicio en ln̕ea 
260 |a Belo Horizonte:  |b Initia Via Editora,  |c 2017 
300 |a 1 recurso electrn̤ico 
506 1 |a Disponible solo en los productos indicados  |d vLex Global  |d vLex Global (Academic Edition, excluding Law Schools)  |d vLex Global (U.S. Academic Edition, Law Schools)  |d vLex Global (U.S. Academic Edition, excluding Law Schools)  |d vLex Global (Academic Edition, Law Schools) 
650 0 4 |a Derecho Civil  |z Brasil 
740 0 |a vLex Libros (Servicio en ln̕ea) 
856 4 0 |u https://vlex.com/source/teixeira-freitas-direito-civil-33169  |z Acceso restringido 
942 |c BOOK 
999 0 |a Civil Law